000 00416nam a22001577a 4500
999 _c3667
_d3667
008 200625b ||||| |||| 00| 0 eng d
082 0 0 _a621.3
_bD269
100 _91563
_aDawes,Chester L.
245 1 0 _aElectrical engineering, Vol.II
_cby Chester L. Dawes
250 _a1st ed.
260 _aNew-York
_bMcGraw-Hill
_c1947
300 _axxi,708p.
365 _d40.28
650 0 _aElectrical Engineering
942 _cBK